00529nam a2200193 a 4500001001300000003000900013005001700022008004100039020002300080082001300103100001900116245008100135260002900216300000900245500003500254505001000289650001700299700001900316nice12345678IN_TiNIC20260116014932.0050524s1990 lona grp 000 0 eng  a033497X c10000a232bWES aWessels, Anton aImages of Jesusb How Jesus Is Perceived and Portrayed in Non-European Cultu aLondonbScm Press c1990 a195p aincludes index and biblioraphy2 aIndex aJesus Christ1 aWessels, Anton